|
|
|
|
| LEADER |
00000nab a2200000uu 4500 |
| 001 |
vtls011463655 |
| 003 |
SK-MaSNL |
| 005 |
20260303132213.0 |
| 008 |
230218|1966 xo |||||||||||||||||cze| |
| 015 |
|
|
|a SNBRB
|
| 035 |
|
|
|a (urnnbn)urn:nbn:sk:snk:ar-a0atpp
|
| 035 |
|
|
|a (uuid)db9f3be5-9091-4982-8633-26b079d805ff
|
| 035 |
|
|
|a urn:nbn:sk:snk-abcwtq
|
| 040 |
|
|
|a SNKBUCL
|b slo
|c SNKBUCL
|e AACR2
|
| 041 |
0 |
|
|a cze
|
| 044 |
|
|
|a xo
|c SK
|
| 100 |
1 |
|
|a Haas, Štepán
|4 aut
|9 564495
|
| 245 |
1 |
0 |
|a Optimální kapacita oblastních betonáren
|c Štepán Haas
|
| 773 |
0 |
|
|t Ekonomika stavebníctva
|g Roč. 1, č. 6 (1966), s. 182-186
|
| 954 |
|
|
|a odborná, vedecká literatúra cudzojazyčná (svetová)
|2 lita
|
| 958 |
|
|
|a OND
|
| 958 |
|
|
|a EUIPO
|
| 958 |
|
|
|a article16
|
| 999 |
|
|
|c 1949607
|d 1951537
|